| 000 | 00880pam a2200241 a 4500 | ||
|---|---|---|---|
| 001 | 1163147 | ||
| 005 | 20250303100734.0 | ||
| 008 | 960722s1997 paua 001 0 eng c | ||
| 020 | _a1560531142 (alk. paper) | ||
| 050 | 1 | 0 |
_aRM301.14 _b.R45 1997 |
| 082 | 0 | 0 |
_a615/.1 _220 |
| 100 | 1 |
_aReidhead, C. Ty, _d1968- |
|
| 245 | 1 | 4 |
_aThe phunny pharm : _bthe ultimate pharmacology study guide / _cby C. Ty Reidhead ; with illustrations by Michelle Van Santen. |
| 260 |
_aPhiladelphia : _bHanley & Belfus ; _aSt. Louis : _bNorth American and worldwide sales and distribution, Mosby, _cc1997. |
||
| 300 |
_ax, 207 p. : _bill. ; _c28 cm. |
||
| 500 | _aIncludes index. | ||
| 650 | 0 |
_aDrugs _xOutlines, syllabi, etc. |
|
| 650 | 0 |
_aPharmacology _xOutlines, syllabi, etc. |
|
| 650 | 0 | _aMnemonics. | |
| 650 | 1 | 2 |
_aDrugs _xterminology. |
| 650 | 2 | 2 |
_aPharmacology _xterminology. |
| 942 |
_2lcc _cBK _n0 |
||
| 999 |
_c4473 _d4473 |
||